000 00304nam a2200133Ia 4500
005 20251222140033.0
008 251222s1900||||xx |||||||||||||| ||spa||
020 _a8834309960
082 _a184/P43
100 _aPeroli, Enrico
245 0 _aDio, Uomo e Mondo.
264 _bVita & Pensiero
942 _cLIB
999 _c3026
_d3026